| 000 -ლიდერი |
| ფიქსირებული სიგრძის საკონტროლო ველი |
01363nam a22002177a 4500 |
| 003 - საკონტროლო ნომრის იდენტიფიკატორი |
| საკონტროლო ველი |
Ge_BSU |
| 005 - ბოლო ოპერაციის თარიღი და დრო |
| საკონტროლო ველი |
20230621123952.0 |
| 008 - ფიქსირებული სიგრძის მონაცემთა ელემენტები - ზოგადი ინფორმაცია |
| ფიქსირებული სიგრძის საკონტროლო ველი |
230621s2012 ge ||||| |||| 00| 0 geo d |
| 020 ## - წიგნის საერთაშორისო სტანდარტული ნომერი |
| International Standard Book Number |
9789941047404 |
| 041 ## - ენის კოდი |
| Language code of text/sound track or separate title |
geo |
| 080 ## - უნივერსალური ათობითი კლასიფიკაციის ინდექსი |
| Universal Decimal Classification number |
929.52(479.22) კ-37 |
| 100 ## - მთავარი ჩანაწერი - პიროვნების სახელი |
| Personal name |
კეზევაძე, მერაბ. |
| 9 (RLIN) |
14446 |
| 245 ## - ცნობა სათაურის შესახებ |
| Title |
გვარსახელები XIX საუკუნის ქუთაისში / |
| Statement of responsibility, etc |
მერაბ კეზევაძე; რედ. როლანდ თოფჩიშვილი; მხატვ. ჯავა ჭეიშვილი; საქ. იუსტიციის სამინ., საქ. ეროვნ. არქივი, ქუთაისის ცენტრ. არქივი. |
| 264 ## - წარმოების, გამოცემის, დისტრიბუციის და სხვა ცნობები |
| გამოცემის, წარმოების, დისტრიბუციის... ადგილი |
ქუთაისი : |
| გამოცემის, წარმოების, დისტრიბუციის... სახელწოდება |
საგამომც. ცენტრი, |
| გამოცემის, წარმოების, დისტრიბუციის... თარიღი |
2012. |
| 300 ## - ფიზიკური აღწერა |
| Extent |
80 გვ. ; |
| Other physical details |
21 სმ. |
| 653 ## - INDEX TERM--UNCONTROLLED |
| Uncontrolled term |
ქართული გვარსახელები |
| 700 ## - ADDED ENTRY--PERSONAL NAME |
| Personal name |
თოფჩიშვილი, როლანდ |
| Relator term |
რედ.აქტორი |
| 9 (RLIN) |
4620 |
| 700 ## - ADDED ENTRY--PERSONAL NAME |
| Personal name |
ჭეიშვილი, ჯავა |
| Relator term |
მხატვარი |
| 9 (RLIN) |
18866 |
| 710 ## - ADDED ENTRY--CORPORATE NAME |
| Corporate name or jurisdiction name as entry element |
საქ. იუსტიციის სამინ. საქ. ეროვნ. არქივი |
| Subordinate unit |
ქუთაისის ცენტრ. არქივი |
| 9 (RLIN) |
18867 |
| 942 ## - ADDED ENTRY ELEMENTS (KOHA) |
| Source of classification or shelving scheme |
|
| Koha item type |
წიგნი |